00712nam a2200217Ia 450000500170000000800410001702000180005804100080007608200160008410000140010024500400011426000280015430000090018250000280019165000360021970000450025590600080030094200070030899900170031595201620033220230417170332.0230125s9999 xx 000 0 und d a9788189297381 aeng a920.71bSIN aSingh V P aDr. B. R. AmbedkarbPillar of Unity c2008bVijay GoelaDelhi a152p aBiography;Biography-Men aBiography;Biography-Men9119155 aSingh V P & Sudhir Tilloo, Donor9115975 b125 cDB c93704d93704 00104070aHIMRbHIMRd2015-06-23eDonated Book- Outside Donarg250.00o920.71 SIN DB2105pHIMR-DB-2105r2023-01-25 00:00:00v125.00w2023-01-25yDBzDB2105